| 000 | 00419nam a2200145 a 4500 | ||
|---|---|---|---|
| 001 | 000031158 | ||
| 005 | 20200930062736.0 | ||
| 008 | 110614s2006 dr 000 0 spa d | ||
| 040 |
_aDO-SdBNP _bspa _cBNPHU |
||
| 100 |
_aMorel, Yoryi _957631 |
||
| 245 | 1 | 0 |
_aPor los caminos de nuestra expresión / _cYoryi Morel. |
| 260 |
_aSanto Domingo : _bMuseo Bellapart, _c2006. |
||
| 300 |
_a55 p. : _bil. ; _c31 cm. |
||
| 049 | _aBNPD | ||
| 999 |
_c30650 _d30650 |
||